The 7 Wonders of the World (Record no. 10336)
[ view plain ]
| 000 -LEADER | |
|---|---|
| fixed length control field | 00932cjm a2200277 a 4500 |
| 001 - CONTROL NUMBER | |
| control field | 13781438 |
| 005 - DATE AND TIME OF LATEST TRANSACTION | |
| control field | 20240227093613.0 |
| 007 - PHYSICAL DESCRIPTION FIXED FIELD--GENERAL INFORMATION | |
| fixed length control field | sd fsngnnmmned |
| 007 - PHYSICAL DESCRIPTION FIXED FIELD--GENERAL INFORMATION | |
| fixed length control field | vd cvaiz| |
| 008 - FIXED-LENGTH DATA ELEMENTS--GENERAL INFORMATION | |
| fixed length control field | 031110s2003 alugmn d eng d |
| 040 ## - CATALOGING SOURCE | |
| Original cataloging agency | IHG |
| Transcribing agency | IHG |
| Modifying agency | OCLCQ |
| -- | DLC |
| 041 ## - LANGUAGE CODE | |
| Language code of text/sound track or separate title | eng |
| -- | ara |
| 082 ## - DEWEY DECIMAL CLASSIFICATION NUMBER | |
| Classification number | 930 |
| Item number | WON |
| 245 00 - TITLE STATEMENT | |
| Title | The 7 Wonders of the World |
| Medium | [videorecording] : |
| Remainder of title | Simply the Best & the Magic Metropolis / |
| Statement of responsibility, etc | written and presented by John Romer ; produced and directed by Peter Spry-Leverton |
| 260 ## - | |
| -- | [s. n.] |
| -- | Discovery channel, |
| -- | 2007. |
| 300 ## - PHYSICAL DESCRIPTION | |
| Extent | 1 videodisc of 1 (DVD) : |
| Other physical details | sd., col. ; |
| Dimensions | 4 3/4 in. |
| 306 ## - | |
| -- | 90 min. |
| 336 ## - CONTENT TYPE | |
| Source | rdacontent |
| Content type term | text |
| Content type code | txt |
| 337 ## - MEDIA TYPE | |
| Media type term | unmediated |
| Source | rdamedia |
| Media type code | n |
| 338 ## - CARRIER TYPE | |
| Carrier type term | volume |
| Carrier type code | nc |
| Source | rdacarrier |
| 500 ## - GENERAL NOTE | |
| General note | Audiovisuals. |
| 500 ## - GENERAL NOTE | |
| General note | Subtitles Arabic & English. |
| 538 ## - SYSTEM DETAILS NOTE | |
| System details note | DVD. |
| 942 ## - ADDED ENTRY ELEMENTS (KOHA) | |
| Source of classification or shelving scheme | Dewey Decimal Classification |
| Koha item type | CD | DVD - Documentary (NB) |
| Classification part | RDA-MOD |
| Withdrawn status | Lost status | Source of classification or shelving scheme | Damaged status | Not for loan | Home library | Current library | Shelving location | Date acquired | Source of acquisition | Total Checkouts | Full call number | Barcode | Date last seen | Date checked out | Price effective from | Koha item type |
|---|---|---|---|---|---|---|---|---|---|---|---|---|---|---|---|---|
| Dewey Decimal Classification | Central Library | Central Library | Second Floor | 05/01/2009 | Purchase | 3 | 930 WON | 000015019 | 24/08/2022 | 01/10/2009 | 05/01/2009 | CD | DVD - Documentary (NB) |